LIBRARY & INFORMATION CENTRE, KCAET, TAVANUR

ONLINE PUBLIC ACCESS CATALOGUE (OPAC)

Ozone treatment for improving quality parameters and surface disinfection of cucumber / (Record no. 18079)

MARC details
000 -LEADER
fixed length control field 00401nam a22001337a 4500
003 - CONTROL NUMBER IDENTIFIER
control field OSt
082 ## - DEWEY DECIMAL CLASSIFICATION NUMBER
Classification number 664
Item number NAV/OZ
088 ## - REPORT NUMBER
Report number T 605
100 ## - MAIN ENTRY--AUTHOR NAME
Personal name Navya K.P.
245 ## - TITLE STATEMENT
Title Ozone treatment for improving quality parameters and surface disinfection of cucumber /
260 ## - PUBLICATION, DISTRIBUTION, ETC. (IMPRINT)
Place of publication Tavanur :
Name of publisher Department of Processing and Food Engineering,
Year of publication 2024.
700 ## - ADDED ENTRY--PERSONAL NAME
Personal name Sudheer K.P. (Guide)
942 ## - ADDED ENTRY ELEMENTS (KOHA)
Koha item type Theses
Holdings
Home library Current library Full call number Accession Number Koha item type Public note
KAUAET KAUAET 664 NAV/OZ T 605 Theses M.Tech Thesis
free website counter